|
|
|
|
| LEADER |
00000cam a2200000 7i4500 |
| 001 |
0000094068 |
| 005 |
20241218124058.0 |
| 020 |
|
|
|a 9789672751298 (
|q set)
|
| 020 |
|
|
|a 9789672751335 (
|q paperback)
|
| 040 |
|
|
|e rda
|
| 041 |
|
|
|a Malay
|
| 090 |
0 |
0 |
|a HEA
|b MAL
|
| 100 |
0 |
|
|a Karlina Osman ,
|e (author)
|
| 245 |
1 |
0 |
|a Remaja dan masalah penyakit berjangkitan
|c Karlina Osman
|
| 264 |
|
1 |
|a Subang Jaya,Selangor :
|b Bright Publications Sdn. Bhd.
|c 2024
|
| 300 |
|
|
|a 29 pages :
|b colour illustration, colour photographs ;
|c 26 cm.
|
| 336 |
|
|
|a text
|2 rdacontent
|
| 337 |
|
|
|a unmediated
|2 rdamedia
|
| 338 |
|
|
|a volume
|2 rdacarrier
|
| 490 |
1 |
|
|a Siri anda perlu tahu
|
| 500 |
|
|
|a Children ages 10-12 years old (pink)
|
| 541 |
|
|
|c Purchased on 2024
|f 209AD ADE
|h RM49.83
|
| 650 |
|
0 |
|a Health behavior in adolescence
|
| 650 |
|
0 |
|a Teenagers
|x Health and hygiene
|
| 700 |
0 |
|
|a Melissa, Goh ,
|e (author)
|
| 730 |
0 |
|
|a Title
|
| 999 |
|
|
|a 0001765341
|b Book
|c Children Collection
|e Perbadanan Perpustakaan Awam Johor
|
| 999 |
|
|
|a 0001765342
|b Book
|c Children Collection
|e Cawangan Urban Transformation Centre
|
| 999 |
|
|
|a 0001765343
|b Book
|c Children Collection
|e Cawangan AEON Kulaijaya
|
| 999 |
|
|
|a 0001765344
|b Book
|c Children Collection
|e Cawangan Bandar Tenggara
|
| 999 |
|
|
|a 0001765345
|b Book
|c Children Collection
|e Cawangan Bukit Gambir
|
| 999 |
|
|
|a 0001765346
|b Book
|c Children Collection
|e Cawangan Muar
|
| 999 |
|
|
|a 0001765347
|b Book
|c Children Collection
|e Cawangan Segamat
|
| 999 |
|
|
|a 0001765348
|b Book
|c Children Collection
|e Perbadanan Perpustakaan Awam Johor
|
| 999 |
|
|
|a 0001765349
|b Book
|c Children Collection
|e Cawangan Batu Pahat
|
| 999 |
|
|
|a 0001765350
|b Book
|c Children Collection
|e Cawangan Tmn. Ungku Tun Aminah
|
| 999 |
|
|
|a 0001765351
|b Book
|c Children Collection
|e Cawangan Mersing
|
| 999 |
|
|
|a 0001765352
|b Book
|c Children Collection
|e Cawangan Kota Tinggi
|
| 999 |
|
|
|a 0001765353
|b Book
|c Children Collection
|e Cawangan Tangkak
|
| 999 |
|
|
|a 0001765354
|b Book
|c Children Collection
|e Cawangan Pontian
|
| 999 |
|
|
|a 0001765355
|b Book
|c Children Collection
|e Cawangan Taman Universiti
|
| 999 |
|
|
|a 0001765356
|b Book
|c Children Collection
|e Perbadanan Perpustakaan Awam Johor
|
| 999 |
|
|
|a 0001765357
|b Book
|c Children Collection
|e Cawangan Bandar Penawar
|
| 999 |
|
|
|a 0001766602
|b Book
|c Children Collection
|e Desa - PPAJ
|
| 999 |
|
|
|a 0001766603
|b Book
|c Children Collection
|e Desa - PPAJ
|
| 999 |
|
|
|a 0001766604
|b Book
|c Children Collection
|e Desa - PPAJ
|
| 999 |
|
|
|a 0001766605
|b Book
|c Children Collection
|e Desa - PPAJ
|
| 999 |
|
|
|a 0001766606
|b Book
|c Children Collection
|e Desa - PPAJ
|
| 999 |
|
|
|a 0001766607
|b Book
|c Children Collection
|e Desa - PPAJ
|
| 999 |
|
|
|a 0001766608
|b Book
|c Children Collection
|e Desa - PPAJ
|
| 999 |
|
|
|a 0001766609
|b Book
|c Children Collection
|e Desa - PPAJ
|
| 999 |
|
|
|a 0001766610
|b Book
|c Children Collection
|e Desa - PPAJ
|
| 999 |
|
|
|a 0001766611
|b Book
|c Children Collection
|e Desa - PPAJ
|
| 999 |
|
|
|a 0001766612
|b Book
|c Children Collection
|e Desa - PPAJ
|
| 999 |
|
|
|a 0001766613
|b Book
|c Children Collection
|e Desa - PPAJ
|
| 999 |
|
|
|a 0001766614
|b Book
|c Children Collection
|e Desa - PPAJ
|
| 999 |
|
|
|a 0001766615
|b Book
|c Children Collection
|e Desa - PPAJ
|
| 999 |
|
|
|a 0001766616
|b Book
|c Children Collection
|e Desa - PPAJ
|
| 999 |
|
|
|a 0001766617
|b Book
|c Children Collection
|e Desa - PPAJ
|
| 999 |
|
|
|a 0001766618
|b Book
|c Children Collection
|e Desa - PPAJ
|
| 999 |
|
|
|a 0001766619
|b Book
|c Children Collection
|e Desa - PPAJ
|
| 999 |
|
|
|a 0001766620
|b Book
|c Children Collection
|e Desa - PPAJ
|
| 999 |
|
|
|a 0001766621
|b Book
|c Children Collection
|e Desa - PPAJ
|
| 999 |
|
|
|a 0001766622
|b Book
|c Children Collection
|e Desa - PPAJ
|
| 999 |
|
|
|a 0001766623
|b Book
|c Children Collection
|e Desa - PPAJ
|
| 999 |
|
|
|a 0001766624
|b Book
|c Children Collection
|e Desa - PPAJ
|
| 999 |
|
|
|a 0001766625
|b Book
|c Children Collection
|e Desa - PPAJ
|
| 999 |
|
|
|a 0001766626
|b Book
|c Children Collection
|e Desa - PPAJ
|
| 999 |
|
|
|a 0001766627
|b Book
|c Children Collection
|e Desa - PPAJ
|
| 999 |
|
|
|a 0001766628
|b Book
|c Children Collection
|e Desa - PPAJ
|
| 999 |
|
|
|a 0001766629
|b Book
|c Children Collection
|e Desa - PPAJ
|
| 999 |
|
|
|a 0001766630
|b Book
|c Children Collection
|e Desa - PPAJ
|
| 999 |
|
|
|a 0001766631
|b Book
|c Children Collection
|e Desa - PPAJ
|
| 999 |
|
|
|a 0001766632
|b Book
|c Children Collection
|e Desa - PPAJ
|
| 999 |
|
|
|a 0001766633
|b Book
|c Children Collection
|e Desa - PPAJ
|
| 999 |
|
|
|a 0001766634
|b Book
|c Children Collection
|e Desa - PPAJ
|
| 999 |
|
|
|a 0001766635
|b Book
|c Children Collection
|e Desa - PPAJ
|
| 999 |
|
|
|a 0001766636
|b Book
|c Children Collection
|e Desa - PPAJ
|
| 999 |
|
|
|a 0001766637
|b Book
|c Children Collection
|e Desa - PPAJ
|
| 999 |
|
|
|a 0001766638
|b Book
|c Children Collection
|e Desa - PPAJ
|
| 999 |
|
|
|a 0001766639
|b Book
|c Children Collection
|e Desa - PPAJ
|
| 999 |
|
|
|a 0001766640
|b Book
|c Children Collection
|e Desa - PPAJ
|
| 999 |
|
|
|a 0001766641
|b Book
|c Children Collection
|e Desa - PPAJ
|
| 999 |
|
|
|a 0001766642
|b Book
|c Children Collection
|e Desa - PPAJ
|